Racionalizácia živočíšnej výroby.
Očakávaná spotreba mäsa a mliečnych výrobkov v roku 1993. Pokrytie spotreby obyvateľstva zvýšením užitkovosti zvierat. Rozhodujúci vplyv kvality objemových krmív na racionalizáciu živočíšnej výroby. Premietnutie najnovších vedecko-technických poznatkov do nových biotechnológií pri reprodukcii.
Guardado en:
| Autor principal: | |
|---|---|
| Formato: | Capítulo de libro |
| Lenguaje: | eslovaco |
| Materias: | |
| Etiquetas: |
Sin Etiquetas, Sea el primero en etiquetar este registro!
|
MARC
| LEADER | 00000naa a2200000 4500 | ||
|---|---|---|---|
| 001 | r004253 | ||
| 005 | 20221125075906.8 | ||
| 041 | 0 | |a slo | |
| 044 | |a [CS] | ||
| 245 | 1 | 0 | |a Racionalizácia živočíšnej výroby. |c I. Šimko |
| 520 | |a Očakávaná spotreba mäsa a mliečnych výrobkov v roku 1993. Pokrytie spotreby obyvateľstva zvýšením užitkovosti zvierat. Rozhodujúci vplyv kvality objemových krmív na racionalizáciu živočíšnej výroby. Premietnutie najnovších vedecko-technických poznatkov do nových biotechnológií pri reprodukcii. | ||
| 610 | 2 | 0 | |a racionalizácia výroby |
| 610 | 2 | 0 | |a výroba živočíšna |
| 610 | 2 | 0 | |a výrobky živočíšne |
| 610 | 2 | 0 | |a 1993 |
| 610 | 2 | 0 | |a ČSFR |
| 610 | 2 | 0 | |a spotreba potravín |
| 610 | 2 | 0 | |a biotechnológia |
| 100 | 1 | |a Šimko, I. | |